Common weeds from Iran, Turkey, the Near East, and North Africa

Bibliographic Details
Main Author: BISCHOF
Other Authors: Mostafawy
Format: Book
Published: Eschborn : German Agency for Technical Cooperation , 1978
Subjects:

MARC

LEADER 00000cam a2200000 7i4500
001 0000002461
005 20030624.0
020 0 0 |a 3880850615 
090 0 0 |a 632.580956   |b BIS 1978 
100 1 0 |a BISCHOF   |h Friedrich 
245 1 0 |a Common weeds from Iran, Turkey, the Near East, and North Africa   |c Friedrich Bischof ; paintings by Ellen Mostafawy 
260 0 0 |a Eschborn :   |b German Agency for Technical Cooperation ,   |c 1978 
300 |a 212 p. :   |b col. ill. ;   |c 21 cm. 
500 0 0 |a Includes bibliography: p. 212 and indexes 
650 0 0 |a Weeds   |z Middle East   |x Identification 
700 0 1 |a Mostafawy   |h Ellen 
998 |a JPSM 
999 |a 0000004087   |b Monograph   |c Open Shelf   |e Default branch